00679cam a2200205 4500001000500000005001700005008004100022020001500063020001800078100003000096245006500126250004100191260005700232300002800289504005000317600000900367650003700376650005100413700000900464789520190415110847.0001027s2000 maua b 001 0beng d a0674004329 a97806740043201 aShostak, Marjorie,d1945-10aNisa, the life and words of a!Kung woman /cMarjorie Shostak a1st Harvard University Press pbk. ed aCambridge, Mass. :bHarvard University Press,c1981. a365 p. :bill. ;c24 cm aIncludes bibliographical references and index00aNisa 0aKung (African people)vBiography 0aKung (African people)xSocial life and customs0 aNisa